| 000 | 00771nam a2200229 a 4500 | ||
|---|---|---|---|
| 999 |
_c7836 _d7836 |
||
| 001 | 7836 | ||
| 003 | BD-JhCC | ||
| 005 | 20180401172920.0 | ||
| 008 | 171017s1996 bg |||| ||a| 000 0 ben d | ||
| 020 | _a9844013445 | ||
| 035 | _a(BD-JhCC)7836 | ||
| 040 |
_aBD-JhCC _dBD-JhCC |
||
| 041 | _aben | ||
| 082 |
_a891.4435 _bIBR 1996 |
||
| 100 | _aইব্রাহীম, নীলিমা | ||
| 245 |
_aসূর্যোদয় থেকে সূর্যাস্ত অতঃপর ? কৃষ্ণান্ধকার / _cনীলিমা ইব্রাহীম |
||
| 260 |
_aঢাকা : _bআগামী প্রকাশনী, _c1996. |
||
| 300 |
_a75 p.; _c22 cm. |
||
| 650 | _aHistorical Stories | ||
| 942 |
_2ddc _cBK |
||